Amba : (Record no. 138316)

MARC details
000 -LEADER
fixed length control field 00521nam a22001817a 4500
005 - DATE AND TIME OF LATEST TRANSACTION
control field 20170322111157.0
010 ## - LCCN (DPL NO)
LC control number ENG-117513
020 ## - INTERNATIONAL STANDARD BOOK NUMBER
International Standard Book Number 9789385755309
Terms of availability 499.00
035 ## - SYSTEM CONTROL NUMBER
System control number EN-101045
037 ## - SOURCE OF ACQUISITION
Source of stock number/acquisition DBAD/PUB
082 ## - DEWEY DECIMAL CLASSIFICATION NUMBER
Classification number N
100 ## - MAIN ENTRY--PERSONAL NAME
Personal name Pamuntjak, Laksmi
245 ## - TITLE STATEMENT
Title Amba :
Statement of responsibility, etc by Laksmi Pamuntjak
Remainder of title the question of red .a novel. /
260 ## - PUBLICATION, DISTRIBUTION, ETC. (IMPRINT)
Place of publication, distribution, etc Delhi
Name of publisher, distributor, etc Speaking Tiger Publishing
Date of publication, distribution, etc 2013
270 ## - ADDRESS
Address 4381/4, Ansari Road Daryaganj
City Delhi
Postal code 110002
300 ## - PHYSICAL DESCRIPTION
Extent ix,414p.
Other physical details 21cm(pbk)
942 ## - ADDED ENTRY ELEMENTS (KOHA)
Source of classification or shelving scheme Dewey Decimal Classification
Item type English Books
Classification part N
Call number suffix PAM
Holdings
Withdrawn status Lost status Not for loan Collection code Home library Current library Date acquired Source of acquisition Cost, normal purchase price Full call number Barcode Copy number Cost, replacement price Koha item type
      Fiction Central Jail Tihar Central Jail Tihar 17/03/2017 DBAD/PUB 499.00 N PAM EN-101045 1 499.00 English Books

© Delhi Public Library
Hit Counter
free hit counter